|
|
|
|
| LEADER |
00000nam0a2200000 4500 |
| 001 |
224487 |
| 005 |
20231031200406.0 |
| 010 |
|
|
|a 521100857Х
|
| 035 |
|
|
|a (RuTPU)RU\TPU\book\244796
|
| 090 |
|
|
|a 224487
|
| 100 |
|
|
|a 20121026d1990 m y0rusy50 ca
|
| 101 |
0 |
|
|a rus
|
| 102 |
|
|
|a RU
|
| 105 |
|
|
|a y z 001zy
|
| 200 |
1 |
|
|a Правовой механизм повышения эффективности и качества труда рабочих и служащих
|f А. Р. Саркисов
|
| 210 |
|
|
|a Москва
|c Изд-во Московского ун-та
|d 1990
|
| 215 |
|
|
|a 183 с.
|
| 320 |
|
|
|a Библиогр. в примеч.
|
| 606 |
1 |
|
|a Трудовое право советское
|2 stltpush
|3 (RuTPU)RU\TPU\subj\61983
|
| 610 |
1 |
|
|a труд
|
| 610 |
1 |
|
|a трудовая деятельность
|
| 610 |
1 |
|
|a рабочие
|
| 610 |
1 |
|
|a служащие
|
| 610 |
1 |
|
|a эффективность
|
| 610 |
1 |
|
|a аттестация
|
| 610 |
1 |
|
|a кадры
|
| 610 |
1 |
|
|a оплата труда
|
| 610 |
1 |
|
|a трудовой коллектив
|
| 610 |
1 |
|
|a самоуправление
|
| 610 |
1 |
|
|a повышение
|
| 686 |
|
|
|a Х627
|v LBC/SL-A
|2 rubbk
|
| 700 |
|
1 |
|a Саркисов
|b А. Р.
|g Арик Рафаелович
|
| 801 |
|
1 |
|a RU
|b 63413507
|c 20121026
|
| 801 |
|
2 |
|a RU
|b 63413507
|c 20170111
|g RCR
|
| 942 |
|
|
|c BK
|